Informe final del Ejercicio Profesional Supervisado, realizado en la Municipalidad de San Juan Chamelco, Alta Verapaz/ (Registro nro. 1843)

Detalles MARC
000 -LEADER
campo de control de longitud fija 03148nam a2200313 i 4500
001 - NÚMERO DE CONTROL
campo de control TCPA 5
003 - IDENTIFICADOR DE NÚMERO DE CONTROL
campo de control gtcocun
005 - FECHA Y HORA DE LA ÚLTIMA TRANSACCIÓN
campo de control 20250913010932.0
006 - CÓDIGOS DE INFORMACIÓN DE LONGITUD FIJA--CARACTERÍSTICAS DEL MATERIAL ADICIONAL
campo de control de longitud fija a||||gr|||| 00| 0
008 - DATOS DE LONGITUD FIJA--INFORMACIÓN GENERAL
campo de control de longitud fija 250913b2013 gt ||||| m||| 00| 0 eng d
040 ## - FUENTE DE CATALOGACIÓN
Centro catalogador/agencia de origen gtcocun
Lengua de catalogación SPA
Centro/agencia transcriptor gtcocun
Normas de descripción RDA
041 ## - CÓDIGO DE IDIOMA
Código de lengua del texto/banda sonora o título independiente SPA
084 ## - OTRO NÚMERO DE CLASIFICACIÓN
Número de control del registro de autoridad o número normalizado TCPA 5
100 ## - ENTRADA PRINCIPAL--NOMBRE DE PERSONA
Nombre de persona Peralta Botzoc, Bianca Alejandra
Término indicativo de función/relación Autor
245 ## - MENCIÓN DEL TÍTULO
Título Informe final del Ejercicio Profesional Supervisado, realizado en la Municipalidad de San Juan Chamelco, Alta Verapaz/
Mención de responsabilidad, etc. Bianca Alejandra Peralta Botzoc
Medio Impreso
264 ## - PRODUCCIÓN, PUBLICACIÓN, DISTRIBUCIÓN, FABRICACIÓN Y COPYRIGHT
Producción, publicación, distribución, fabricación y copyright Cobán, Alta Verapaz:
Nombre del de productor, editor, distribuidor, fabricante Universidad de San Carlos de Guatemala, Centro Universitario del Norte, Licenciatura en Contaduría Pública y Auditoría.
Fecha de producción, publicación, distribución, fabricación o copyright 2013
300 ## - DESCRIPCIÓN FÍSICA
Extensión 38 p.:
Otras características físicas Ilustraciones, gráficas.
Dimensiones 28 cm; PDF
336 ## - TIPO DE CONTENIDO
Fuente rdacontenido
Término de tipo de contenido Texto
Código de tipo de contenido txt
337 ## - TIPO DE MEDIO
Fuente rdamedio
Nombre/término del tipo de medio Computadora
Código del tipo de medio n
338 ## - TIPO DE SOPORTE
Fuente rdasoporte
Nombre/término del tipo de soporte Código en línea
Código del tipo de soporte cr
502 ## - NOTA DE TESIS
identificador de la tesis .
502 ## - NOTA DE TESIS
Nota de tesis Tesis de grado
Tipo de título Licenciatura en Contaduría Pública y Auditoría.
Nombre de la institución que otorga el título Universidad de San Carlos de Guatemala, Centro Universitario del Norte, Licenciatura en Contaduría Pública y Auditoría.
Año de obtención del título 2013
Identificador de la tesis TCPA 5
520 14 - RESUMEN, ETC.
Sumario, etc. El Centro Universitario del Norte – CUNOR – de la Universidad de San<br/>Carlos de Guatemala, previo a optar al título universitario en el grado de<br/>Licenciada, tiene como etapa el programa de Ejercicio Profesional Supervisado<br/>(EPS), este fue realizado en la Municipalidad de San Juan Chamelco, A.V.<br/>El proceso de Ejercicio Profesional Supervisado, incluyó la realización de<br/>una evaluación del sistema de control interno contable y administrativo del Área<br/>de Administración Financiera Integrada Municipal, -AFIM- específicamente en<br/>el área de caja y bancos.<br/>El control interno es una necesidad administrativa, de cualquier ente<br/>económico, para poder ejecutar un examen crítico de las transacciones, una<br/>adecuada salvaguarda de los activos y el cumplimiento de las funciones<br/>administrativas.<br/>El control en la Municipalidad de San Juan Chamelco, A.V., es de mucha<br/>importancia, tomando en cuenta que las áreas de planificación, recursos<br/>humanos, servicios públicos, tesorería, contabilidad y presupuesto deben operar<br/>conforme a los manuales implementados por la dirección y los sugeridos por la<br/>Contraloría General de Cuentas.<br/>La auditoría realizada está basada en el entendimiento de la entidad y en<br/>el análisis de riesgos, así como en los controles implantados para mitigarlos.<br/>Las técnicas y procedimientos se utilizaron en tres etapas: una primera, de<br/>iniciación que incluye el estudio preliminar de la entidad y la planificación del<br/>trabajo; una segunda, etapa que corresponde la ejecución, y por último la de<br/>finalización, que corresponde a la entrega del informe final.
650 14 - PUNTO DE ACCESO ADICIONAL DE MATERIA--TÉRMINO DE MATERIA
Fuente del encabezamiento o término LEMB
Término de materia o nombre geográfico como elemento de entrada Cobán, Alta Verapaz
Subdivisión general Control interno
-- caja y bancos
-- ingresos
-- egresos
-- cobros
700 ## - ENTRADA AGREGADA--NOMBRE PERSONAL
Nombre de persona Lic. Cont. Pub. y Aud. Miguel Alberto Klug Caal
Término indicativo de función/relación Asesor
856 ## - LOCALIZACIÓN Y ACCESO ELECTRÓNICOS
Identificador Uniforme de Recurso <a href="https://drive.google.com/file/d/1I5urRxDR6cOw_a6ZGJIIl_1CgUsGKtCE/view?usp=sharing">https://drive.google.com/file/d/1I5urRxDR6cOw_a6ZGJIIl_1CgUsGKtCE/view?usp=sharing</a>
Texto de enlace PDF
Nota pública Un ejemplar en línea.
942 ## - ELEMENTOS DE ENTRADA SECUNDARIOS (KOHA)
Fuente de la clasificación o esquema de estantería Clasificación Decimal Dewey
Suprimir en OPAC No
Tipo de ítem Koha TESIS
Parte de la signatura que identifica el ejemplar (Parte del ítem) TCPA_5
Prefijo de la signatura Clasificación
-- TCPA__5
Existencias
Estatus retirado Estado de pérdida Fuente de la clasificación o esquema de estantería Estado de daño No para préstamo Colección Biblioteca de origen Biblioteca actual Ubicación en estantería Fecha de adquisición Número de inventario Total de préstamos Signatura topográfica completa Código de barras Visto por última vez Precio de reemplazo Tipo de ítem Koha
    Clasificación Decimal Dewey     tesis BIBLIOTECA- CUNOR -JOSÉ LUIS GONZALES ROSALES BIBLIOTECA- CUNOR -JOSÉ LUIS GONZALES ROSALES Colección tesis 13/09/2025 TCPA 05   TCPA 05 TCPA 05 13/09/2025 13/09/2025 TESIS